000 00678am a2200265a 44500
003 AR-BaBNM
005 20251128211021.0
008 020702s1997 #AR|||||||||||000 | ing||
020 _a0-582-31161-6
040 _cAR-BaBNM
100 1 _aPalencia, R.
245 1 0 _aOver to you
_bworkbook
_n2
260 _aEdinburgh
_bAddison Wesley Longman
_c1997
300 _a96 p.
_bil., tablas
650 4 _aENSEƑANZA DE IDIOMAS
650 4 _aINGLES
650 4 _aLENGUA EXTRANJERA
650 4 _aLIBROS DE TEXTO
650 4 _aADOLESCENTES
650 4 _aJUEGOS EDUCATIVOS
650 4 _aACTIVIDADES DE APRENDIZAJE
700 1 _aDriscoll, L.
942 _cBK
998 _craquel
999 _c17907
_d17907